| 000 | 01059nam a22002537a 4500 | ||
|---|---|---|---|
| 001 | BD-DhSAU 7469 | ||
| 003 | BD-DhSAU | ||
| 005 | 20230413100757.0 | ||
| 008 | 150422b2006 bg ||||| m||m 00| 0 eng d | ||
| 040 | _aBD-DhSAU | ||
| 082 |
_222 _a338.1 _bSu59 |
||
| 100 |
_aSULTANA, MONIRA _eRegistration No. # 15-06783 |
||
| 245 |
_aEconomic study on lentil and mung bean production in selected districts of bangladesh / _bMS thesis |
||
| 260 |
_aSher-e- Bangla Agricultural University: _bDepartment of Agricultural Economics, _c2021. |
||
| 300 |
_axiv, 63 p.: _b30 cm. |
||
| 500 | _aMS thesis of Department of Agricultural Economics, Faculty of Agri Business , Sher-e-Bangla Agricultural University, Dhaka, Bangladesh | ||
| 590 | _aNamul | ||
| 650 | _aEconomic study on lentil | ||
| 651 | _amung bean production | ||
| 700 |
_aProf. Dr. Mohammad Mizanul Haque Kazal _eSuperviser |
||
| 700 |
_aProf. Gazi M. A. Jalil _eCo-Superviser |
||
| 856 | _uhttp://archive.saulibrary.edu.bd:8080/xmlui/handle/123456789/4866 | ||
| 942 |
_2ddc _cTHESIS |
||
| 999 |
_c16779 _d16778 |
||